| 000 | 00000nam##2200000za#4500 |
| 001 | 9.609921 |
| 003 | CaOODSP |
| 005 | 20200327114941 |
| 007 | ta |
| 008 | 150406|1992||||xxc||||| f|0| 0 eng|d |
| 022 | |a0706-6457 |
| 040 | |aCaOODSP|beng |
| 043 | |an-cn--- |
| 086 | 1 |aFs97-6/1862E |
| 110 | 1 |aCanada. |bDepartment of Fisheries and Oceans. |
| 245 | 14|aThe effects of different fishing methods on the mortality of eastern oysters (Crassostrea virginica) / |cby T. W. Sephton and T. Landry. |
| 260 | |aOttawa - Ontario : |bFisheries and Oceans Canada |c1992. |
| 300 | |a10p. : |bfigs., references, tables ; |c28 cm. |
| 490 | 1 |aCanadian technical report of fisheries and aquatic sciences|x0706-6457|v1862 |
| 500 | |aPrepared in the Science Branch, Gulf Region, Department of Fisheries and Oceans, P.O. Box 5030, Moncton, New Brunswick E1A 9B6. |
| 546 | |aRésumés en français |
| 563 | |aSoftcover |
| 720 | 1 |aMorin, Bernard |
| 720 | 1 |aLandry, T. |
| 776 | 0#|tThe effects of different fishing methods on the mortality of eastern oysters (Crassostrea virginica) / |w(CaOODSP)9.573841 |
| 830 | #0|aCanadian technical report of fisheries and aquatic sciences,|x0706-6457|v1862|w(CaOODSP)9.514691 |